<?xml version="1.0" encoding="UTF-8"?>
<marc:record xmlns:marc="http://www.loc.gov/MARC21/slim">
   <marc:leader>00000nam a2200000 a 4500</marc:leader>
   <marc:datafield ind1="1" ind2=" " tag="100">
      <marc:subfield code="a">Armand, Felix</marc:subfield>
   </marc:datafield>
   <marc:datafield ind1="1" ind2=" " tag="100">
      <marc:subfield code="a">Créton, Lola</marc:subfield>
   </marc:datafield>
   <marc:datafield ind1="1" ind2=" " tag="100">
      <marc:subfield code="a">Métayer, Clément</marc:subfield>
   </marc:datafield>
   <marc:datafield ind1="1" ind2=" " tag="100">
      <marc:subfield code="a">Assayas, Olivier</marc:subfield>
   </marc:datafield>
   <marc:datafield ind1="0" ind2="0" tag="245">
      <marc:subfield code="a">Die wilde Zeit [Bildtonträger]</marc:subfield>
   </marc:datafield>
   <marc:datafield ind1="0" ind2="0" tag="245">
      <marc:subfield code="c">ein Film von Olivier Assayas. Mit  Clément Métayer, Lola Créton, Felix Armand ...</marc:subfield>
   </marc:datafield>
   <marc:datafield ind1=" " ind2="1" tag="264">
      <marc:subfield code="b">EuroVideo Medien GmbH</marc:subfield>
      <marc:subfield code="c">2014</marc:subfield>
   </marc:datafield>
   <marc:datafield ind1="1" ind2=" " tag="520">
      <marc:subfield code="a">Paris in den frühen 1970er Jahren. Gilles, ein junger Student, lässt sich von der politisch aufgeladenen und kreativen Aufbruchstimmung seiner Zeit mitreissen. Wie seine Freunde ist auch er hin und her gerissen zwischen seinen radikalen Überzeugungen und seinen ganz persönlichen Träumen. Während Gilles und seine Freunde erste Erfahrungen mit der Liebe machen und die Welt der Kunst entdecken, bringt sie ihre Reise nach Italien und London. Es sind bewegte Zeiten, in denen jeder von ihnen klare Entscheidungen für sich selbst treffen muss, um den richtigen Platz in der Welt zu finden.</marc:subfield>
   </marc:datafield>
   <marc:datafield ind1=" " ind2=" " tag="020">
      <marc:subfield code="a">4009750205952</marc:subfield>
      <marc:subfield code="9">4009750205952</marc:subfield>
   </marc:datafield>
   <marc:datafield ind1=" " ind2=" " tag="500">
      <marc:subfield code="a">Orig. : Frankreich 2012. Sprache: Deutsch (Dolby Digital 5.1). Untertitel: Deutsch</marc:subfield>
   </marc:datafield>
   <marc:datafield ind1="0" ind2=" " tag="490">
      <marc:subfield code="v">0</marc:subfield>
   </marc:datafield>
   <marc:datafield ind1=" " ind2=" " tag="300">
      <marc:subfield code="a">1 DVD (117 Min.) : farbig</marc:subfield>
   </marc:datafield>
</marc:record>
